Т. 1; Станочные приспособления металлорежущих станков

Bibliografske podrobnosti
Parent link:Станочные приспособления металлорежущих станков: справочник/ Ю. И. Мясников, В. Ю. Мясников. Т. 1.— , 2010
Izvleček:Рассмотрены особенности станочных приспособлений (СП) современного производства с позиций системного подхода. Сформулирован принцип единства структуры СП, положенный в основу изложения всего материала справочника. Подробно изложены особенности функциональных частей СП, их типовые схемы и примеры реализации в конструкциях СП. Подробно рассмотрены системы современных СП, конструктивные особенности и технологические возможности СП каждой системы, а также пути их дальнейшего совершенствования. Изложение всего материала справочника сопровождается многочисленными примерами, пояснениями и иллюстрациями. Приводится обширный список приложений и литературы. Назначение справочника — для инженерно-технических работников машиностроительных и смежных с ним отраслей, для студентов высших и средних технических учебных заведений, специальности которых связаны с обработкой деталей на металлорежущих станках.
Jezik:ruščina
Izdano: 2010
Teme:
Format: Knjiga
KOHA link:https://koha.lib.tpu.ru/cgi-bin/koha/opac-detail.pl?biblionumber=206780

MARC

LEADER 00000nam2a2200000 4500
001 206780
005 20231101225347.0
010 |a 9785942754944 
035 |a (RuTPU)RU\TPU\book\225473 
090 |a 206780 
100 |a 20120117d2010 km y0rusy50 ca 
101 0 |a rus 
102 |a RU 
105 |a a g 001zy 
200 0 |a Т. 1 
210 |d 2010 
215 |a 428 с.  |c ил. 
320 |a Библиогр.: с. 420-422. 
330 |a Рассмотрены особенности станочных приспособлений (СП) современного производства с позиций системного подхода. Сформулирован принцип единства структуры СП, положенный в основу изложения всего материала справочника. Подробно изложены особенности функциональных частей СП, их типовые схемы и примеры реализации в конструкциях СП. Подробно рассмотрены системы современных СП, конструктивные особенности и технологические возможности СП каждой системы, а также пути их дальнейшего совершенствования. Изложение всего материала справочника сопровождается многочисленными примерами, пояснениями и иллюстрациями. Приводится обширный список приложений и литературы. Назначение справочника — для инженерно-технических работников машиностроительных и смежных с ним отраслей, для студентов высших и средних технических учебных заведений, специальности которых связаны с обработкой деталей на металлорежущих станках. 
461 1 |0 (RuTPU)RU\TPU\book\226489  |t Станочные приспособления металлорежущих станков  |o справочник  |o в 2 т.  |f Ю. И. Мясников, В. Ю. Мясников  |v Т. 1  |d 2010 
606 1 |a Металлорежущие станки  |x Приспособления  |x Конструкция и расчет  |x Стандартизация  |x Точность  |2 stltpush  |3 (RuTPU)RU\TPU\subj\42633  |9 62292 
610 1 |a станочные приспособления 
610 1 |a технологическая оснастка 
610 1 |a инструментальная оснастка 
610 1 |a структура 
610 1 |a системный подход 
610 1 |a установка 
610 1 |a закрепление 
610 1 |a заготовки 
610 1 |a силовые механизмы 
610 1 |a зажимные устройства 
610 1 |a самоцентрирующие устройства 
610 1 |a конструкции 
610 1 |a универсально-безналадочные приспособления 
610 1 |a универсально-наладочные приспособления 
610 1 |a универсально-сборные приспособления 
610 1 |a сборно-разборные приспособления 
610 1 |a модульно станочные приспособления 
610 1 |a справочники 
675 |a 621.9.06-229(035)  |v 3 
801 1 |a RU  |b 63413507  |c 20120117 
801 2 |a RU  |b 63413507  |c 20140311  |g RCR 
900 |a Станочное оборудование автоматизированного производства 
942 |c BK